<?xml version="1.0" encoding="UTF-8"?>
<collection xmlns="http://www.loc.gov/MARC21/slim">
 <record>
  <leader>01837aam a22002538a 4500</leader>
  <controlfield tag="001">NCT_53685</controlfield>
  <controlfield tag="008">141006s2014                  ||||||viesd</controlfield>
  <datafield tag="999" ind1=" " ind2=" ">
   <subfield code="c">2573</subfield>
   <subfield code="d">2573</subfield>
  </datafield>
  <datafield tag="020" ind1=" " ind2=" ">
   <subfield code="c">98000</subfield>
  </datafield>
  <datafield tag="082" ind1="0" ind2="4">
   <subfield code="2">23rd ed</subfield>
   <subfield code="a">661</subfield>
   <subfield code="b">B311/T.2</subfield>
  </datafield>
  <datafield tag="100" ind1="1" ind2=" ">
   <subfield code="a">Nguyễn Bin</subfield>
  </datafield>
  <datafield tag="245" ind1="1" ind2="0">
   <subfield code="a">Các quá trình, thiết bị trong công nghệ hoá chất và thực phẩm</subfield>
   <subfield code="n">Tập 2</subfield>
   <subfield code="p">Phân riêng hệ không đồng nhất, khuấy trộn, đập, nghiền, sàng</subfield>
   <subfield code="c">Nguyễn Bin</subfield>
  </datafield>
  <datafield tag="260" ind1=" " ind2=" ">
   <subfield code="a">H.</subfield>
   <subfield code="b">Khoa học và Kỹ thuật</subfield>
   <subfield code="c">2013</subfield>
  </datafield>
  <datafield tag="300" ind1=" " ind2=" ">
   <subfield code="a">320tr.</subfield>
   <subfield code="b">minh hoạ</subfield>
   <subfield code="c">24cm</subfield>
  </datafield>
  <datafield tag="520" ind1="3" ind2=" ">
   <subfield code="a">Những kiến thức cơ bản về phân riêng hệ không đồng nhất như: hệ không khí, hệ lỏng. Kỹ thuật khuấy trộn chất lỏng, đập, nghiền, sàng</subfield>
  </datafield>
  <datafield tag="653" ind1=" " ind2=" ">
   <subfield code="a">Công nghệ kỹ thuật hóa học</subfield>
  </datafield>
  <datafield tag="653" ind1=" " ind2=" ">
   <subfield code="a">Công nghệ thực phẩm</subfield>
  </datafield>
  <datafield tag="942" ind1=" " ind2=" ">
   <subfield code="2">ddc</subfield>
   <subfield code="c">BK</subfield>
  </datafield>
  <datafield tag="952" ind1=" " ind2=" ">
   <subfield code="0">0</subfield>
   <subfield code="1">0</subfield>
   <subfield code="2">ddc</subfield>
   <subfield code="4">0</subfield>
   <subfield code="6">661_000000000000000_B311_T_2</subfield>
   <subfield code="7">0</subfield>
   <subfield code="9">14663</subfield>
   <subfield code="a">000001</subfield>
   <subfield code="b">000001</subfield>
   <subfield code="d">2018-10-19</subfield>
   <subfield code="o">661 B311/T.2</subfield>
   <subfield code="p">MD.13522</subfield>
   <subfield code="r">2018-10-19</subfield>
   <subfield code="v">98000.00</subfield>
   <subfield code="w">2018-10-19</subfield>
   <subfield code="y">BK</subfield>
  </datafield>
  <datafield tag="952" ind1=" " ind2=" ">
   <subfield code="0">0</subfield>
   <subfield code="1">0</subfield>
   <subfield code="2">ddc</subfield>
   <subfield code="4">0</subfield>
   <subfield code="6">661_000000000000000_B311_T_2</subfield>
   <subfield code="7">0</subfield>
   <subfield code="9">14664</subfield>
   <subfield code="a">000001</subfield>
   <subfield code="b">000001</subfield>
   <subfield code="d">2018-10-19</subfield>
   <subfield code="l">1</subfield>
   <subfield code="o">661 B311/T.2</subfield>
   <subfield code="p">MD.13523</subfield>
   <subfield code="q">2022-02-27</subfield>
   <subfield code="r">2022-02-12</subfield>
   <subfield code="s">2022-02-12</subfield>
   <subfield code="v">98000.00</subfield>
   <subfield code="w">2018-10-19</subfield>
   <subfield code="y">BK</subfield>
  </datafield>
  <datafield tag="952" ind1=" " ind2=" ">
   <subfield code="0">0</subfield>
   <subfield code="1">0</subfield>
   <subfield code="2">ddc</subfield>
   <subfield code="4">0</subfield>
   <subfield code="6">661_000000000000000_B311_T_2</subfield>
   <subfield code="7">0</subfield>
   <subfield code="9">14665</subfield>
   <subfield code="a">000001</subfield>
   <subfield code="b">000001</subfield>
   <subfield code="d">2018-10-19</subfield>
   <subfield code="l">1</subfield>
   <subfield code="o">661 B311/T.2</subfield>
   <subfield code="p">MD.13524</subfield>
   <subfield code="r">2019-01-03</subfield>
   <subfield code="s">2018-12-19</subfield>
   <subfield code="v">98000.00</subfield>
   <subfield code="w">2018-10-19</subfield>
   <subfield code="y">BK</subfield>
  </datafield>
  <datafield tag="952" ind1=" " ind2=" ">
   <subfield code="0">0</subfield>
   <subfield code="1">0</subfield>
   <subfield code="2">ddc</subfield>
   <subfield code="4">0</subfield>
   <subfield code="6">661_000000000000000_B311_T_2</subfield>
   <subfield code="7">0</subfield>
   <subfield code="9">14666</subfield>
   <subfield code="a">000001</subfield>
   <subfield code="b">000001</subfield>
   <subfield code="d">2018-10-19</subfield>
   <subfield code="o">661 B311/T.2</subfield>
   <subfield code="p">MD.13525</subfield>
   <subfield code="r">2018-10-19</subfield>
   <subfield code="v">98000.00</subfield>
   <subfield code="w">2018-10-19</subfield>
   <subfield code="y">BK</subfield>
  </datafield>
  <datafield tag="952" ind1=" " ind2=" ">
   <subfield code="0">0</subfield>
   <subfield code="1">0</subfield>
   <subfield code="2">ddc</subfield>
   <subfield code="4">0</subfield>
   <subfield code="6">661_000000000000000_B311_T_2</subfield>
   <subfield code="7">0</subfield>
   <subfield code="9">14667</subfield>
   <subfield code="a">000001</subfield>
   <subfield code="b">000001</subfield>
   <subfield code="d">2018-10-19</subfield>
   <subfield code="o">661 B311/T.2</subfield>
   <subfield code="p">MD.13526</subfield>
   <subfield code="r">2018-10-19</subfield>
   <subfield code="v">98000.00</subfield>
   <subfield code="w">2018-10-19</subfield>
   <subfield code="y">BK</subfield>
  </datafield>
  <datafield tag="980" ind1=" " ind2=" ">
   <subfield code="a">Thư viện Trường Đại học Nam Cần Thơ</subfield>
  </datafield>
 </record>
</collection>
